000 01473nam a2200361 a 4500
001 ebr10430500
003 CaPaEBR
006 m u
007 cr cn|||||||||
008 080805s2009 txuab sb 001 0 eng
010 _z 2008034680
020 _z9781593323271 (alk. paper)
020 _z1593323271 (alk. paper)
040 _aCaPaEBR
_cCaPaEBR
035 _a(OCoLC)535713605
043 _an-us---
050 1 4 _aHV6658
_b.L48 2009eb
082 0 4 _a364.16/286292220973
_222
100 1 _aLevy, Marissa Potchak,
_d1978-
245 1 0 _aOpportunity, environmental characteristics and crime
_h[electronic resource] :
_ban analysis of auto theft patterns /
_cMarissa P. Levy.
260 _aEl Paso :
_bLFB Scholarly Pub.,
_c2009.
300 _avii, 221 p. :
_bill., maps.
490 1 _aCriminal justice
504 _aIncludes bibliographical references (p. 199-218) and index.
533 _aElectronic reproduction.
_bPalo Alto, Calif. :
_cebrary,
_d2013.
_nAvailable via World Wide Web.
_nAccess may be limited to ebrary affiliated libraries.
650 0 _aAutomobile theft
_zUnited States.
650 0 _aTheft from motor vehicles
_zUnited States.
650 0 _aCrime
_zUnited States.
655 7 _aElectronic books.
_2local
710 2 _aebrary, Inc.
830 0 _aCriminal justice (LFB Scholarly Publishing LLC)
856 4 0 _uhttp://site.ebrary.com/lib/rucke/Doc?id=10430500
_zAn electronic book accessible through the World Wide Web; click to view
999 _c146129
_d146129